Lịch sử tư tưởng kinh tế: T1 - Các nhà sáng lập = Histoire des pensées économiques: Les fondateurs

محفوظ في:
التفاصيل البيبلوغرافية
المؤلف الرئيسي: Maurice Baslé et al.
التنسيق: كتاب
اللغة:Undetermined
منشور في: Hà Nội KHXH 1996
الموضوعات:
الوسوم: إضافة وسم
لا توجد وسوم, كن أول من يضع وسما على هذه التسجيلة!
Thư viện lưu trữ: Trung tâm Học liệu Trường Đại học Cần Thơ
LEADER 00677nam a2200205Ia 4500
001 CTU_16822
008 210402s9999 xx 000 0 und d
082 |a 330.153 
082 |b L302/T1 
100 |a Maurice Baslé et al. 
245 0 |a Lịch sử tư tưởng kinh tế: T1 - Các nhà sáng lập 
245 0 |b = Histoire des pensées économiques: Les fondateurs 
245 0 |c Maurice Baslé et al. 
260 |a Hà Nội 
260 |b KHXH 
260 |c 1996 
526 |a Lịch sử các học thuyết kinh tế 
526 |b KT725 
650 |a classical school of economics 
980 |a Trung tâm Học liệu Trường Đại học Cần Thơ